Welcome to WEB OPAC of MRSPTU Central Library

Schaum's Outlines : Linear Algebra (Record no. 6754)

MARC details
000 -LEADER
fixed length control field 00473nam a2200181Ia 4500
008 - FIXED-LENGTH DATA ELEMENTS--GENERAL INFORMATION
fixed length control field 230711s9999||||xx |||||||||||||| ||und||
020 ## - INTERNATIONAL STANDARD BOOK NUMBER
International Standard Book Number 978-0-07-060502-2
041 ## - LANGUAGE CODE
Language code of text/sound track or separate title ENG
082 ## - DEWEY DECIMAL CLASSIFICATION NUMBER
Classification number 512.5
Item number LI-T
100 ## - MAIN ENTRY--PERSONAL NAME
Personal name Lipschutz ,Seymour
245 #0 - TITLE STATEMENT
Title Schaum's Outlines : Linear Algebra
250 ## - EDITION STATEMENT
Edition statement 3rd Ed.
260 ## - PUBLICATION, DISTRIBUTION, ETC.
Date of publication, distribution, etc. 2017
Place of publication, distribution, etc. New Delhi
Name of publisher, distributor, etc. McGraw Hill Education(India) Private Limited
300 ## - PHYSICAL DESCRIPTION
Extent 424p.
650 ## - SUBJECT ADDED ENTRY--TOPICAL TERM
Topical term or geographic name entry element Mathematics
700 ## - ADDED ENTRY--PERSONAL NAME
Personal name Lipson,Marc
942 ## - ADDED ENTRY ELEMENTS (KOHA)
Koha item type Book
Holdings
Withdrawn status Lost status Damaged status Not for loan Collection Home library Current library Date acquired Source of acquisition Cost, normal purchase price Inventory number Total checkouts Full call number Barcode Date last seen Date last checked out Price effective from Koha item type
          MRSPTU Central Library MRSPTU Central Library   Krishna Book Distributors 650.00 KBD/2017-2018/1020043059 1 512.5 LI-T 40200 08/29/2024 08/06/2024 08/17/2023 Book
          MRSPTU Central Library MRSPTU Central Library   Krishna Book Distributors 650.00 KBD/2017-2018/1020043059 5 512.5 LI-T 40201 11/17/2025 10/24/2025 08/17/2023 Book
          MRSPTU Central Library MRSPTU Central Library   Krishna Book Distributors 650.00 KBD/2017-2018/1020043059 4 512.5 LI-T 40202 01/02/2025 11/26/2024 08/17/2023 Book
          MRSPTU Central Library MRSPTU Central Library   Krishna Book Distributors 650.00 KBD/2017-2018/1020043059 5 512.5 LI-T 40203 02/09/2026 01/19/2026 08/17/2023 Book
          MRSPTU Central Library MRSPTU Central Library   Krishna Book Distributors 650.00 KBD/2017-2018/1020043059 3 512.5 LI-T 40204 10/23/2024 09/19/2024 08/17/2023 Book

Website Designed and Developed by MRSPTU Central Library Team

E-mail Id: librarian@mrsptu.ac.in